000 00775nas a2200229 4500
001 BR7200912
003 BR-BrBNA
005 20231205082359.0
007 ta
008 230509b bl.|||p| |||| 00| 00por d
040 _aBR-BrBNA
_bpor
_cBiblioteca Nacional de Agricultura
041 _a(Pt)
072 _aL73
100 1 _aFarias, M.T.
245 1 _aIsolamento de Staphylococus aureus de uma infeccao sistemica de pintos [bacteria]
_bApresentado no 12. Congresso Brasileiro de Medicina Veterinaria
650 _aPINTO
650 _aBACTERIA
650 _aINFECCAO
773 0 _tBoletim do Instituto de Pesquisas Veterinarias Desiderio Finamor (Brazil)
_x
_g(Jan 1972), (Suppl. 1) p. 71-73
_wBR7200912
909 _a202311
_bLúcia
_c55
_dLúcia Elande
942 _2AGRIS
_n0
_cANA
999 _c91327
_d91327